| 000 | 00511nam a2200157Ia 4500 | ||
|---|---|---|---|
| 008 | 151213s9999 xx 000 0 und d | ||
| 100 | _aপকে. সি. হোয়ের | ||
| 245 |
_aআধুনিক সংীবধান। _cপকে. সি. হোয়ের |
||
| 250 | _a১ম সং | ||
| 260 |
_aঢাকা _bবাংলা ্্্একাডেমী _c1978 |
||
| 300 | _a6811 p. | ||
| 650 | _aLaw | ||
| 650 | _aLaw | ||
| 700 | _aপকে. সি. হোয়ের | ||
| 999 |
_c3683 _d3683 |
||